Tajomstvá efektívnej asistentky. 4

Lepšie hospodárenie s časom. Príčiny plytvania časom. Ako pracovať s časom. Jasne definovaný cieľ. Prínosy písomného plánovania. Odhad trvania jednotlivých činností. Stanovenie priorít.

Gespeichert in:
Bibliographische Detailangaben
1. Verfasser: Lesayová, Táňa
Format: Buchkapitel
Sprache:Slowakisch
Schlagworte:
Tags: Tag hinzufügen
Keine Tags, Fügen Sie das erste Tag hinzu!

MARC

LEADER 00000naa a2200000 4500
001 r025944
005 20230824090328.1
041 0 |a slo 
044 |a SK 
245 1 0 |a Tajomstvá efektívnej asistentky. 4  |c Táňa Lesayová 
520 |a Lepšie hospodárenie s časom. Príčiny plytvania časom. Ako pracovať s časom. Jasne definovaný cieľ. Prínosy písomného plánovania. Odhad trvania jednotlivých činností. Stanovenie priorít. 
610 2 0 |a kariéra 
610 2 0 |a sekretárky 
610 2 0 |a čas 
610 2 0 |a využitie času pracovného 
100 1 |a Lesayová, Táňa